000 00618nam a2200181 a 4500
001 000029714
005 20200930055741.0
008 110425s2006 dr ad 000 0 spa d
040 _aDO-SdBNP
_bspa
_cBNPHU
082 _axxx
_bC397a
110 2 _aCentro Nacional de Investigaciones en Salud Materno Infantil
_955757
245 1 0 _aAnemia de Fanconi /
_ceditor Hugo R. Mendoza.
260 _aSanto Domingo :
_bCENISMI,
_c2006.
300 _a22 p. :
_bil., diagrs. ;
_c28 cm.
490 1 _aEstudios aplicados a la clínica ;
_vI
504 _aBibliografía : p. 21
830 0 _aEstudios aplicados a la clínica ;
_vI
_956339
999 _c29206
_d29206